000 00771nam a2200217 i 4500
001 bg
245 7 0 _aKodeks cywilny ze skorowidzem, prawo ksiąg wieczystych. Kodeks postępowania cywilnego ze skorowidzem, ustawa o rozpoznawaniu przez sądy spraw gospodarczych /
_c[do druku przygot.Tadeusz Sojka].
250 _aWyd.4, stan prawny na dzień 1 stycznia 1995 r.].
260 _aZielona Góra :
_bPolskie Towarzystwo Ekonomiczne,
_c1995.
300 _a480 s. ;
_c24 cm.
650 9 _aPrawo cywilne
_zPolska
650 9 _aPostępowanie cywilne
_xPolska
700 1 _aSOJKA, Tadeusz.
_eOprac.
020 _a8390152665
040 _cBPK
041 0 _apl
080 _a347(438)
920 _a83-901526-6-5
942 _cKS
008 s pl f |000 0 pol
999 _c30375
_d30375
856 _uhttp://koha.tu.koszalin.pl/cgi-bin/koha/opac-detail.pl?biblionumber=30375
_yKatalog online BPK